LEADER 00909nam0-2200313---450- 001 990008478840403321 005 20070313140421.0 010 $a963-9116-56-4 035 $a000847884 035 $aFED01000847884 035 $a(Aleph)000847884FED01 035 $a000847884 100 $a20070307d2000----km-y0itay50------ba 101 0 $aeng 102 $aHU 105 $ay-------001yy 200 1 $a<>road to war in Serbia$etrauma and catharsis$fedited by Nebojsa Popov 210 $aBudapest$cCeu Press, Central European University Press$d2000 215 $a711 p.$d23 cm 610 0 $aIugoslavia$aGuerra civile. 1991-1995$aSaggi 676 $a949.703$v21$zita 702 1$aPopov,$bNebojsa 801 0$aIT$bUNINA$gRICA$2UNIMARC 901 $aBK 912 $a990008478840403321 952 $aXIV F 265$b42667$fFSPBC 959 $aFSPBC 996 $aRoad to war in Serbia$9730606 997 $aUNINA LEADER 01951oam 2200505M 450 001 9910715828903321 005 20191123062430.9 035 $a(CKB)5470000002515798 035 $a(OCoLC)1062806621 035 $a(OCoLC)995470000002515798 035 $a(EXLCZ)995470000002515798 100 $a20070221d1862 ua 0 101 0 $aeng 135 $aurcn||||||||| 181 $ctxt$2rdacontent 182 $cc$2rdamedia 183 $acr$2rdacarrier 200 10$aByington vs. Vandever. Additional papers by the contestant in the Iowa contested election case of Byington vs. Vandever. February 5, 1862. -- Referred to the Committee of Elections, and ordered to be printed 210 1$a[Washington, D.C.] :$c[U.S. Government Printing Office],$d1862. 215 $a1 online resource (9 pages) 225 1 $aMis. doc. / 37th Congress, 2nd session. House ;$vno. 37 225 1 $a[United States congressional serial set ] ;$v[serial no. 1141] 300 $aBatch processed record: Metadata reviewed, not verified. Some fields updated by batch processes. 300 $aFDLP item number not assigned. 606 $aElections$zUnited States 606 $aContested elections 606 $aElection law 606 $aLegislators$zUnited States 606 $aArmed Forces$xOfficers 606 $aConstitutional law 608 $aLegislative materials.$2lcgft 615 0$aElections 615 0$aContested elections. 615 0$aElection law. 615 0$aLegislators 615 0$aArmed Forces$xOfficers. 615 0$aConstitutional law. 801 0$bWYU 801 1$bWYU 801 2$bOCLCO 801 2$bOCLCQ 906 $aBOOK 912 $a9910715828903321 996 $aByington vs. Vandever. Additional papers by the contestant in the Iowa contested election case of Byington vs. Vandever. February 5, 1862. -- Referred to the Committee of Elections, and ordered to be printed$93301444 997 $aUNINA